000 00187nam a2200085 4500
001 1254830
005 20251126104323.0
245 _aLİNÇ ÇIKMAZI
_cANIL BASILI
260 _bTİMAŞ YAYINLARI
999 _c1254830
_d1254830